| 000 | 01446cad a22002415a 4500 | ||
|---|---|---|---|
| 001 | L146947 | ||
| 008 | 090317s2009 xxk f f000 0 eng d | ||
| 020 | _a9781845325732 | ||
| 035 | _a(Sirsi) u146947 | ||
| 041 | 0 | _aeng | |
| 050 | 0 | 4 | _a658.8 $2 18 |
| 110 | 2 |
_aUnited Kingdom _bHM Treasury |
|
| 245 | 0 | 0 |
_aProfessional services global competitiveness group report _h[electronic resource] |
| 260 |
_aLondon _bHM Treasury _c2009 |
||
| 505 | 2 | _aForeword -- Chapter 1 professional services: a 2020 vision -- Chapter 2 realising the 2020 vision -- Chapter 3 legal profession -- Chapter 4 accountancy -- Chapter 5 management consultancy -- Chapter 6 shipping -- Chapter 7 land, property and construction -- Chapter 8 membership and terms of reference -- Chapter 9 acknowledgements | |
| 520 | _aReport by the Professional Services Global Competitivnesss Group which looks at the challenges and opportunities that the professional services sector may face in the future and puts forward proposals to make the sector more successful in dealing with these. Emphasises the need for the professional services industry to be flexible and internationally focussed. | ||
| 521 | _aAdvanced | ||
| 590 | _aKA NTK | ||
| 651 | 4 |
_aUnited Kingdom _y |
|
| 690 | _aMANAGEMENT-BUSINESS MANAGEMENT | ||
| 856 | 4 | 0 |
_uhttps://www.hm-treasury.gov.uk/fin_professionalservices_group.htm _zView the consultation free of charge at www.hm-treasury.gov.uk... |
| 942 | _n0 | ||
| 999 |
_c109368 _d109368 |
||